00861nam a2200229Ia 4500003000900000008004100009020001800050040001600068080001700084245014400101260004900245300001500294490003100309650002400340650001400364650004000378700003200418700003400450942000700484999001700491952012300508IN-BaIIA211028s9999 xx 000 0 eng d a0-87590-092-5 cIIA Library a523.726bSUN 0aSun-earth plasma connectionscedited by J. L. Burch, R. L. Carovillano and S. K. Antiocho  aWashingtonbAmerican Geophysical Unionc1999 avii, 273p. aGeophysical monograph; 109 aSpace Plasma915003 aSun91200 aSun-Earth plasma connections929109 aAntiocho, S. K., ed.929110 aCarovillano, R. L., ed.95805 cBK c15797d15797 00104070aBANbBANcGENd2005-01-10eAGU l1o523.726/ SUNp16719r2023-05-16s2023-02-02w2005-01-10yBK 67.00